000 01324nam a2200229Ia 4500
999 _c38182
_d38182
001 4172
003 GE_BSU
005 20190927142113.0
008 181216s1988||||ge |||||||||||||| ||geo||
040 _cGE_BSU
041 _ageo
080 _a34(479.22) ქ–27
245 _aქართული ჩვეულებითი სამართალი :
_bკრებული /
_cმთ. რედ. მიხაკო კეკელია.
264 _a თბილისი :
_bმეცნიერება,
_c1988.
300 _a204 გვ. ;
_b21 სმ.
653 _aქართული ჩვეულებითი სამართალი
700 _aკეკელია, მიხაკო
_eავტორი
_94359
700 _aმერაბიშვილი, ჯამლეთ
_eავტორი
_94360
700 _aჯალაბაძე, დავით
_eავტორი
_94361
710 _aსაქ. სსრ მეცნ. აკად., სოც., კულტ. ტრადიციათა პრობლემების სამეცნ./საკოორდ. ცენტრი "ქართული ჩვეულებითი სამართლის შემსწავლელი ლაბორატორია"
_94362
942 _cBK
_2udc